MUSICA DOMANI, ANNO 29-N.111 (GIUGNO 1999) (Record n. 154408)

Dettagli MARC
000 -LEADER
fixed length control field 01115nas a2200289Ia 4500
001 - CONTROL NUMBER
control field R408/G1192
003 - CONTROL NUMBER IDENTIFIER
control field IT-RoPAU
008 - FIXED-LENGTH DATA ELEMENTS--GENERAL INFORMATION
fixed length control field 151124c99999999xx |||||||||||| ||und||
040 ## - CATALOGING SOURCE
Original cataloging agency IT-RoPAU
040 ## - CATALOGING SOURCE
Transcribing agency IT-RoPAU
041 ## - LANGUAGE CODE
Language code of text/sound track or separate title ITALIANO
100 ## - MAIN ENTRY--PERSONAL NAME
Personal name Marconi Luca
Miscellaneous information Codice Aut. SPICS: 13914
210 ## - ABBREVIATED TITLE
Abbreviated title MUSICA DOMANI
222 ## - KEY TITLE
Key title Musica Domani
245 ## - TITLE STATEMENT
Title MUSICA DOMANI, ANNO 29-N.111 (GIUGNO 1999)
Remainder of title Valutare la Preparazione Degli Insegnanti
250 ## - EDITION STATEMENT
Edition statement 1a ed.
260 ## - PUBLICATION, DISTRIBUTION, ETC. (IMPRINT)
Place of publication, distribution, etc. MILANO
Name of publisher, distributor, etc. RICORDI
Date of publication, distribution, etc. 1999
300 ## - PHYSICAL DESCRIPTION
Extent 6 p. [33-38]
362 ## - DATES OF PUBLICATION AND/OR SEQUENTIAL DESIGNATION
Dates of publication and/or sequential designation ANNO 029, N.111 (GIUGNO 1999)
501 ## - WITH NOTE
-- Paulus - SPICS - Società San Paolo EM (non-commercial uses only)
-- Copyright2015
500 ## - GENERAL NOTE
General note Concorsi per L'Educazione Musicale. Intenzioni Buone ma Poco Concrete di Luca Marconi. Insegnanti Efficaci O Tuttologi? di Maurizio Spaccazocchi. La Professionalità Docente è Tutta Un'Altra Faccenda di Carla Tessari.
650 ## - SUBJECT ADDED ENTRY--TOPICAL TERM
Topical term or geographic name as entry element MUSICA
Form subdivision PUBBLICAZIONE PERIODICA
700 ## - ADDED ENTRY--PERSONAL NAME
Personal name Spaccazocchi Maurizio
700 ## - ADDED ENTRY--PERSONAL NAME
Personal name Tessari Carla
700 ## - ADDED ENTRY--PERSONAL NAME
Miscellaneous information Codice Aut. SPICS: 643Codice Aut. SPICS: 46409
942 ## - ADDED ENTRY ELEMENTS (KOHA)
Koha item type RIVISTA
Dati di copia
Withdrawn status Lost status Damaged status Not for loan Home library Current library Date acquired Total Checkouts Full call number Date last seen Price effective from Koha item type Public note
    Buone Condizioni Not For Loan SPICS-MEDIATECA SPICS-MEDIATECA 25/11/2015   R408/G1192 25/11/2015 25/11/2015 RIVISTA Progr. Ins: 74327 / Copia rara: NO / date import: 25.11.2015 / By Epidotti, Trombetti, Vaglietti
CREDITS: SOCIETA' SAN PAOLO Via A.Severo, 58 - ROMA (RM) & PERIODICI SAN PAOLO SRL Via Giotto, 36 MILANO & CISF Via Giotto, 36 MILANO & EDIZIONI SAN PAOLO SRL,  Piazza Soncino, 5 CINISELLO BALSAMO (MI) -- ITALY